Quiz o afrykańskich państwach - Statystyki

Ogólne statystyki
  • Ten quiz został rozwiązany 24 razy
  • Średni wynik to 14 z 20
Statystyki odpowiedzi
Hint Odpowiedź % Poprawnych
Najmłodszy kraj Afryki. Sudan Południowy
90%
Afrykański kraj położony najbliżej wyspy Sycylii. Tunezja
90%
Kraj ten jest całkowicie obtoczony przez RPA. Lesotho
85%
Kraj ten posiada miasto z największą ilością ludzi w Afryce. Nigeria
85%
Do tego państwa należy półwysep Synaj który leży w Azji. Egipt
80%
Wygrał Puchar Narodów Afryki w 2021 roku (piłka nożna). Senegal
80%
Na fladze tego kraju znajduje się karabin AK-47. Mozambik
80%
Kraj ten posiada najwięcej piramid na świecie. Sudan
80%
Posiada niemal identyczną flagę jak jedno z państw Europy. Czad
75%
Kraj Afryki posiadający najmniejszą powierzchnię. Seszele
75%
Z kraju tego pochodzi piłkarz Samuel Eto Kamerun
70%
To malutkie państwo graniczy z Gabonem i Kamerunem. Gwinea Równikowa
70%
8 września 2023 roku wystąpiło w tym kraju trzęsienie ziemi. Maroko
60%
Jest najbiedniejszym krajem nie tylko Afryki ale i na świecie. Burundi
55%
Jego dwoma największymi miastami pod względem ludności są Ndżamena oraz Moundou Czad
55%
W kraju tym znajduje się najdłuższy pociąg towarowy na świecie. Mauretania
50%
Jego stolicą jest Monrovia. Liberia
50%
Kraj z największym nagromadzeniem dzikich zwierząt. Tanzania
50%
Siedzibę króla i rządu stanowi Lobamba natomiast de facto stolicą państwa jest miasto Mbabane. Eswatini
45%
We fladze widnieje rzeka która przepływa przez ten kraj. Gambia
25%
Nie znaleziono quizów pasujących do podanych kryteriów
Rozkład punktacji
Procent ludzi z każdym wynikiem
Percentyl według liczby udzielonych odpowiedzi
Twoja historia wyników
Nie rozwiązałeś tego quizu